| 000 | 01166nam a2200313 a 4500 | ||
|---|---|---|---|
| 003 | CO-BoRNBP | ||
| 005 | 20240828155129.0 | ||
| 008 | 160513s2015 ck a gr 00010 spa d | ||
| 020 | _a9789583049774 | ||
| 040 |
_aCO-BoRNBP _bspa _cCO-BoRNBP _erda |
||
| 041 | 1 |
_hger _aspa |
|
| 082 | 0 | 4 |
_a550 _bK67t _221 |
| 100 | 1 |
_aKothe, Rainer. _942262 |
|
| 245 | 1 | 3 |
_aLa tierra / _cDr. Rainer Kot̲he ; ilustrador Gerd Ohnesorge ; traductor Francisco Fernaǹdez del Pozo. |
| 250 | _aEditor Cesar A. Cardozo Tovar. | ||
| 264 |
_aBogotá, Colombia _bPanamericana _c2015 |
||
| 300 |
_a48 páginas : _bilustraciones ; _c28 cm. |
||
| 490 | _acómo y por qué | ||
| 500 | _aIncluye índice. | ||
| 534 | _tUnsere erde. | ||
| 650 | 1 | 4 |
_aOceanografía _v Literatura juvenil. _942263 |
| 650 | 1 | 4 |
_aEvolucin̤ de la tierra _v Literatura juvenil. _942264 |
| 650 | 1 | 4 |
_aFenómenos naturales _v Literatura juvenil. _942265 |
| 650 | 1 | 4 |
_aTierra (Planeta) _v Literatura juvenil. _942266 |
| 700 | 1 |
_aCardozo Tovar, Cesar A, _eeditor. _942267 |
|
| 700 | 1 |
_aFernaǹdez del Pozo, Francisco, _etraductor. _942268 |
|
| 700 | 1 |
_aOhnesorge, Gerd, _eilustrador. _942269 |
|
| 942 |
_2ddc _cBKINF |
||
| 999 |
_c37324 _d37324 |
||